Nikolo Mekiyāvelli. (Record no. 78337)

MARC details
000 -LEADER
fixed length control field 00592cam a22002291 4500
001 - CONTROL NUMBER
control field sa 68001945
003 - CONTROL NUMBER IDENTIFIER
control field DLC
005 - DATE AND TIME OF LATEST TRANSACTION
control field 20260227112438.0
008 - FIXED-LENGTH DATA ELEMENTS--GENERAL INFORMATION
fixed length control field 940927s1966 ii b 000 0 kano
010 ## - LIBRARY OF CONGRESS CONTROL NUMBER
LC control number sa 68001945
025 ## - OVERSEAS ACQUISITION NUMBER
Overseas acquisition number PL480:I-Kan-971
035 ## - SYSTEM CONTROL NUMBER
System control number (OCoLC)31187231
040 ## - CATALOGING SOURCE
Original cataloging agency DLC
Transcribing agency CU
Modifying agency CU
-- DLC
050 00 - LIBRARY OF CONGRESS CALL NUMBER
Classification number JC143.M4
Item number D3
100 1# - MAIN ENTRY--PERSONAL NAME
Personal name Dāsēganḍa, Hec. Ār.,
Dates associated with a name 1934-
245 10 - TITLE STATEMENT
Title Nikolo Mekiyāvelli.
260 ## - PUBLICATION, DISTRIBUTION, ETC.
Date of publication, distribution, etc. 1966.
300 ## - PHYSICAL DESCRIPTION
Extent v, 66 p.
Dimensions 17 cm.
500 ## - GENERAL NOTE
General note In Kannada.
504 ## - BIBLIOGRAPHY, ETC. NOTE
Bibliography, etc. note Bibliography: p. [66].
600 10 - SUBJECT ADDED ENTRY--PERSONAL NAME
Personal name Machiavelli, Niccolò,
Dates associated with a name 1469-1527.

No items available.

Powered by Koha